Cricketers by Country - Statistics

General Stats
  • This quiz has been taken 499 times
  • The average score is 13 of 20
Answer Stats
Player Country % Correct
Sachin Tendulkar India
99%
Waqar Younis Pakistan
94%
Donald Bradman Australia
91%
Ian Botham England
91%
Muttiah Muralitharan Sri Lanka
88%
Shakib Al Hasan Bangladesh
86%
Jacques Kallis South Africa
84%
Rashid Khan Afghanistan
82%
Kevin O'Brien Ireland
75%
Malcolm Marshall West Indies
75%
Richard Hadlee New Zealand
68%
Ryan ten Doeschate Netherlands
67%
Heath Streak Zimbabwe
60%
Aaron Jones United States
42%
Kyle Coetzer Scotland
39%
Collins Obuya Kenya
38%
Khurram Khan United Arab Emirates
36%
John Davison Canada
35%
Sarel Burger Namibia
33%
Dwayne Leverock Bermuda
23%
No matching quizzes found
Score Distribution
Percent of People with Each Score
Percentile by Number Answered
Your Score History
You have not taken this quiz